ALL Slovakia players in the NHL - Statistics

General Stats
  • This quiz has been taken 167 times
  • The average score is 28 of 91
Answer Stats
Team Answer % Correct
MTL Juraj Slafkovsky
78%
OTT Marian Gaborik
78%
BOS Zdeno Chara
78%
MTL Marcel Hossa
76%
CHI Marian Hossa
76%
VAN Pavol Demitra
73%
SEA Tomas Tatar
68%
BOS Miroslav Satan
66%
PIT Zigmund Palffy
66%
TOR Marian Stastny
63%
WSH Martin Fehervary
63%
CHI Peter Bondra
63%
STL Peter Stastny
63%
NJD Simon Nemec
63%
NYR Jaroslav Halak
61%
CHI Stan Mikita
59%
NSH Jan Lasak
54%
NYI Lubomir Visnovsky
54%
CGY Martin Pospisil
49%
ANA Pavol Regenda
49%
TBL Erik Cernak
46%
SJS Michal Handzus
46%
TBL Peter Budaj
41%
FLA Tomas Kopecky
41%
CGY Adam Ruzicka
39%
FLA Jozef Stumpel
39%
PIT Richard Lintner
39%
PHI Stefan Ruzicka
39%
NYR Adam Huska
37%
LAK Ladislav Nagy
37%
BOS Peter Cehlarik
37%
WSH Rastislav Stana
37%
NYI Richard Panik
37%
FLA Richard Zednik
37%
NYI Robert Petrovicky
37%
PIT Ronald Petrovicky
37%
DAL Andrej Sekera
34%
CGY Samuel Honzek
34%
BUF Andrej Meszaros
32%
STL Lubos Bartecko
32%
VGK Tomas Jurco
32%
STL Vladimir Orszagh
32%
CGY Marek Hrivik
29%
OTT Marek Svatos
29%
COL Marko Dano
27%
TBL Zdeno Ciger
27%
FLA Branislav Mezei
24%
MIN Branko Radivojevic
24%
NYI Milan Jurcina
24%
CBJ Samuel Knazko
24%
NJD Jiri Bicek
22%
DAL Lubomir Sekeras
22%
SEA Marian Studenic
22%
TBL Martin Cibak
22%
LAK Igor Liba
20%
TOR Martin Marincin
20%
TOR Robert Svehla
20%
CBJ Radoslav Suchy
17%
PIT Tomas Surovy
17%
PIT Martin Strbak
15%
CHI Milan Bartovic
15%
MIN Peter Bartos
15%
WSH Andrej Podkonicky
12%
NYR Ivan Baranka
12%
WSH Ivan Ciernik
12%
CHI Ivan Droppa
12%
WSH Ivan Majesky
12%
COL Jaroslav Obsut
12%
EDM Jozef Cierny
12%
VAN Lubomir Vaic
12%
DET Miroslav Ihnacak
12%
TOR Peter Ihnacak
12%
NYR Peter Smrek
12%
BUF Radoslav Hecl
12%
PHI Radovan Somik
12%
CGY Robert Dome
12%
NJD Stanislav Gron
12%
FLA Juraj Kolnik
10%
VAN Mario Bliznak
10%
SJS Miroslav Zalesak
7%
NSH Peter Olvecky
7%
TBL Vladimir Mihalik
7%
VAN Jozef Balej
5%
NSH Marian Cisar
5%
STL Peter Sejna
5%
WSH Roman Tvrdon
5%
OTT Tomas Malec
5%
CBJ Andrej Nedorost
2%
PIT Ladislav Karabin
2%
EDM Milan Kytnar
2%
FLA Kristian Kudros
0%
No matching quizzes found
Score Distribution
Percent of People with Each Score
Percentile by Number Answered
Your Score History
You have not taken this quiz